El Palau de la Diputació General de Catalunya / J. Puig y Cadafalch y J. Miret y Sans
Descripción Física:
100 p. : il. ; 31 cm
Otros Autores:
Miret i Sans, Joaquim
Materias:
Palau de la Generalitat de Catalunya
MARC
| LEADER | 00000nam a2200000Ia 4500 | ||
|---|---|---|---|
| 001 | 11362 | ||
| 008 | 160829s1911 xx 000 0 cat d | ||
| 080 | |a FOL-1-98 | ||
| 100 | |a Puig i Cadafalch, Josep, |d 1867-1956 |9 20980 | ||
| 245 | |a El Palau de la Diputació General de Catalunya / J. Puig y Cadafalch y J. Miret y Sans | ||
| 260 | |a Barcelona : |b [s.n.], |c 1911 | ||
| 300 | |a 100 p. : |b il. ; |c 31 cm | ||
| 590 | |a Separata de l''Anuari de l'Institut d'Estudis Catalans', MXCIX-X | ||
| 610 | 2 | 0 | |a Palau de la Generalitat de Catalunya |9 53043 |
| 700 | |a Miret i Sans, Joaquim |9 25132 | ||
| 901 | |a Arxiu | ||
| 942 | |n 1 | ||
| 952 | |0 0 |1 0 |4 0 |6 FOL198 |7 1 |9 43545 |a Arxiu |b Arxiu |d 2016-12-01 |l 0 |o FOL-1-98 |p 11362 |r 2016-12-01 00:00:00 |w 2016-12-01 |y ARXIU | ||
| 999 | |c 46091 |d 46091 | ||